[Event "ISR-chT"]
[Site "Israel"]
[Date "2022.01.21"]
[Round "3.6"]
[White "Gilboa, Amos"]
[Black "Smirin, Ilia"]
[Result "0-1"]
[WhiteElo "2180"]
[BlackElo "2614"]
[PlyCount "94"]
[EventDate "2022.01.14"]
[EventType "team-tourn"]
[EventRounds "11"]
[EventCountry "ISR"]
[SourceTitle "EXT 2023"]
[Source "ChessBase"]
[SourceDate "2022.10.05"]
[SourceVersion "1"]
[SourceVersionDate "2022.10.05"]
[SourceQuality "1"]
[WhiteTeam "Tel Aviv"]
[BlackTeam "Ashdod"]
[WhiteTeamCountry "ISR"]
[BlackTeamCountry "ISR"]

1. e4 c5 2. Nf3 e6 3. c3 Nf6 4. e5 Nd5 5. g3 Nc6 6. Bg2 g5 7. d4 g4 8. Ng5 cxd4 9. 0-0 Be7 10. Qxg4 h5 11. Qh4 dxc3 12. Nxc3 Nxc3 13. bxc3 Nxe5 14. Qf4 f6 15. Nf3 Nd3 16. Qe4 Nxc1 17. Qg6+ Kf8 18. Raxc1 Qe8 19. Qd3 Kg7 20. Nd4 a6 21. f4 Rb8 22. f5 e5 23. Nb3 d6 24. c4 Bd7 25. Rfd1 Bc6 26. Bd5 Rc8 27. Nd2 b5 28. Ne4 bxc4 29. Bxc4 Qd7 30. Bd5 Rhd8 31. Rxc6 Rxc6 32. Qf3 Rc2 33. Qxh5 Qe8 34. Qf3 Qh8 35. h4 Qh6 36. Nf2 Kf8 37. Bb3 Rc5 38. Ne4 Rc1 39. Nf2 d5 40. Bxd5 Bc5 41. Kf1 Qd2 42. Rxc1 Qxc1+ 43. Nd1 e4 44. Qh5 Rxd5 45. Qh8+ Ke7 46. Qg7+ Kd6 47. Qxf6+ Kc7 0-1

[Event "ISR-chT 1112"]
[Site "Israel"]
[Date "2011.12.30"]
[Round "3.5"]
[White "Gilboa, Amos"]
[Black "Gelman, Alexander"]
[Result "1/2-1/2"]
[WhiteElo "2236"]
[BlackElo "2413"]
[PlyCount "35"]
[EventDate "2011.12.16"]
[EventType "team-tourn"]
[EventRounds "11"]
[EventCountry "ISR"]
[SourceTitle "EXT 2013"]
[Source "ChessBase"]
[SourceDate "2012.11.22"]
[SourceVersion "1"]
[SourceVersionDate "2012.11.22"]
[SourceQuality "1"]

1. c4 d6 2. Nc3 e5 3. g3 g6 4. Bg2 Bg7 5. e4 c5 6. d3 Nc6 7. Nge2 Nge7 8. 0-0 0-0 9. Rb1 h6 10. a3 a5 11. Be3 Rb8 12. Qd2 Kh7 13. Nb5 b6 14. Nec3 Be6 15. Nd5 Bc8 16. Nbc3 Be6 17. Nxe7 Qxe7 18. Nd5 1/2-1/2